000 00623nam a2200193 i 4500
001 141174
003 ES-MaACL
005 20250808224601.0
007 t|
008 070919s1977 sp f |||| |bspa d
100 1 _aVitoria Ortiz, Manuel.
_9115524
245 1 0 _aVida y obra del doctor Luis Urrutia /
_cManuel Vitoria Ortiz ; prólogo, Luis Sánchez Granjel.
260 _aBilbao :
_bGran Enciclopedia Vasca,
_c1977.
300 _a462 p., 40 lám. ;
_c23 cm.
600 1 7 _aUrrutia Guerezta, Luis,
_d1876-1930
_2
_9169338
700 1 _aGranjel, Luis S.
_959645
852 _aES-MaACL
_jA-7953
999 _c141174
_d141174